| 000 | 00664nam a22001937a 4500 | ||
|---|---|---|---|
| 003 | OSt | ||
| 005 | 20180116183000.0 | ||
| 008 | 140922b xxu||||| |||| 00| 0 eng d | ||
| 020 | _a9789699330216 | ||
| 040 |
_a0 _c0 |
||
| 082 | _a657 ICAP 2013 | ||
| 110 | _aThe Institute of Chartered Accountants of Pakistan | ||
| 245 |
_aIntroduction To Accounting Study Text _bRevision Notes Question Bank CAF-07 _cThe Institute of Chartered Accountants of Pakistan |
||
| 260 |
_aUK _bWoolf International _c2013 |
||
| 300 |
_a314p. _bPB |
||
| 440 | _aIntroduction To Accounting Study Text | ||
| 600 | _aThe Institute of Chartered Accountants of Pakistan | ||
| 942 |
_2ddc _cBK |
||
| 999 |
_c349790 _d349790 |
||